[Event "Gibtelecom Festival 2010 - Masters"]
[Site "Gibraltar ENG"]
[Date "2010.01.27"]
[Round "3.99"]
[White "Carlsen, Ingrid Oen"]
[Black "Kandic, Milan"]
[Result "0-1"]
[WhiteElo "1508"]
[BlackElo "2216"]
[PlyCount "124"]
[EventDate "2010.01.26"]
[EventType "swiss"]
[EventRounds "10"]
[EventCountry "ENG"]
[Source "lmi"]
[SourceDate "2010.01.26"]

1. e4 c5 2. Nf3 Nc6 3. d4 cxd4 4. Nxd4 e5 5. Nb5 a6 6. N5a3 Bc5 7. Nc3 Qb6 8.
Qd2 Bb4 9. Bd3 Nf6 10. O-O O-O 11. Nc4 Qd4 12. a3 Bxc3 13. Qxc3 Qxc3 14. bxc3
d5 15. Nb6 dxe4 16. Nxa8 exd3 17. Nb6 Bf5 18. cxd3 Bxd3 19. Rd1 e4 20. Bg5 Nh5
21. Nd5 h6 22. Be3 f5 23. Nf4 Nxf4 24. Bxf4 g5 25. Bd6 Rd8 26. Bc5 Rd5 27. Bb6
Rb5 28. Bc7 Rc5 29. Rdc1 Kf7 30. a4 Ke6 31. Bb6 Rc4 32. a5 Ne7 33. Ra3 Nd5 34.
g3 f4 35. Bd4 Kd7 36. Rb3 Kc8 37. Ra3 Rc6 38. Ra4 Bb5 39. Ra3 Bd3 40. Ra4 h5
41. Ra3 Ne7 42. Kg2 Nf5 43. Bb6 h4 44. Ra4 Re6 45. Re1 Bb5 46. Ra3 hxg3 47.
hxg3 Be2 48. Rxe2 f3+ 49. Kf1 fxe2+ 50. Kxe2 Nd6 51. Ra4 Kd7 52. Rd4 Kc6 53. c4
Re5 54. c5 Nc8 55. Ke3 Nxb6 56. cxb6 Rxa5 57. Kxe4 Kxb6 58. Rd5 Rxd5 59. Kxd5
g4 60. Ke4 a5 61. f4 gxf3 62. Kxf3 a4 0-1

[Event "Gibtelecom Festival 2010 - Masters"]
[Site "Gibraltar ENG"]
[Date "2010.01.28"]
[Round "4.7"]
[White "Sandipan, Chanda"]
[Black "Bindrich, Falko"]
[Result "1-0"]
[WhiteElo "2622"]
[BlackElo "2512"]
[PlyCount "117"]
[EventDate "2010.01.26"]
[EventType "swiss"]
[EventRounds "10"]
[EventCountry "ENG"]
[Source "lmi"]
[SourceDate "2010.01.26"]

1. d4 Nf6 2. c4 e6 3. Nc3 Bb4 4. g3 c5 5. Nf3 Nc6 6. Bg2 Ne4 7. Bd2 Nxd2 8.
Qxd2 cxd4 9. Nxd4 Ne5 10. Nc2 Be7 11. b3 O-O 12. O-O a6 13. Rfd1 Rb8 14. Rac1
b5 15. Qe3 Qc7 16. cxb5 Ng4 17. Qd2 axb5 18. Nd5 exd5 19. Ne3 Qa7 20. Nxg4 Ba3
21. Rc2 d6 22. Qg5 Bxg4 23. Qxg4 Bc5 24. e3 b4 25. Bxd5 Rbe8 26. Kg2 Kh8 27.
Rcd2 Qe7 28. Qf4 Qe5 29. Qxe5 Rxe5 30. h4 h5 31. e4 g6 32. f4 Re7 33. f5 gxf5
34. exf5 Kg7 35. Bf3 Rh8 36. Re2 Rxe2+ 37. Bxe2 Kf6 38. Rd5 Ra8 39. Bxh5 Rxa2+
40. Kh3 Kg7 41. Bd1 Rf2 42. Kg4 Kf6 43. Bf3 Rb2 44. Rd3 Rc2 45. Kf4 Rh2 46. h5
Kg7 47. g4 f6 48. g5 Rb2 49. Bd5 Rf2+ 50. Kg4 fxg5 51. Kxg5 Re2 52. f6+ Kh7 53.
f7 Rf2 54. h6 Rf1 55. Rg3 Bb6 56. Bf3 Be3+ 57. Kh5 Bxh6 58. Be4+ Kh8 59. Rg8#
1-0

[Event "Gibtelecom Festival 2010 - Masters"]
[Site "Gibraltar ENG"]
[Date "2010.01.28"]
[Round "4.9"]
[White "Cmilyte, Viktorija"]
[Black "Edouard, Romain"]
[Result "0-1"]
[WhiteElo "2489"]
[BlackElo "2608"]
[PlyCount "82"]
[EventDate "2010.01.26"]
[EventType "swiss"]
[EventRounds "10"]
[EventCountry "ENG"]
[Source "lmi"]
[SourceDate "2010.01.26"]

1. Nf3 c5 2. c4 Nc6 3. d4 cxd4 4. Nxd4 g6 5. g3 Bg7 6. Nc2 d6 7. Bg2 Be6 8. Ne3
Qd7 9. Nc3 Rc8 10. Ncd5 Bh3 11. Bxh3 Qxh3 12. Qb3 Qd7 13. Bd2 Nh6 14. h4 O-O
15. Bc3 Ne5 16. h5 e6 17. Nb4 a5 18. Nbc2 Qc6 19. O-O-O a4 20. Qb4 Nxc4 21.
hxg6 hxg6 22. Nxc4 Qxc4 23. Qxc4 Rxc4 24. Bxg7 Kxg7 25. Rxd6 Ng4 26. Rf1 Rfc8
27. Rd2 Nf6 28. e3 Ne4 29. Re2 R4c5 30. a3 Rf5 31. g4 Rf6 32. Rd1 Nxf2 33. Rd4
e5 34. g5 Rf5 35. Rd7 e4 36. Kd2 Nd3 37. Nd4 Rf1 38. Rh2 Nc5 39. Rd5 Rb1 40.
Rh4 Nb3+ 41. Nxb3 axb3 0-1

[Event "Gibtelecom Festival 2010 - Masters"]
[Site "Gibraltar ENG"]
[Date "2010.01.28"]
[Round "4.15"]
[White "Havik, Victor"]
[Black "Lenderman, Alex"]
[Result "0-1"]
[WhiteElo "2093"]
[BlackElo "2560"]
[PlyCount "70"]
[EventDate "2010.01.26"]
[EventType "swiss"]
[EventRounds "10"]
[EventCountry "ENG"]
[Source "lmi"]
[SourceDate "2010.01.26"]

1. d4 d5 2. c4 c6 3. Nc3 Nf6 4. cxd5 cxd5 5. Bf4 a6 6. e3 e6 7. Bd3 Bd6 8. Bxd6
Qxd6 9. f4 b5 10. Nf3 Bb7 11. a3 Nbd7 12. Ne5 Rc8 13. O-O Ne4 14. Bxe4 dxe4 15.
Nxd7 Qxd7 16. Qh5 O-O 17. f5 f6 18. fxe6 Qxe6 19. d5 Qb6 20. Qe2 f5 21. g3 g6
22. Rad1 Rc4 23. Rd2 Bc8 24. Na2 Bd7 25. b3 Rcc8 26. Rd4 Qd6 27. b4 Rc7 28.
Rfd1 h5 29. R1d2 Rfc8 30. Kg2 Be8 31. Qf2 Bf7 32. Qf1 Kf8 33. Qa1 Ke7 34. Rd1
Rc2+ 35. R4d2 Qxd5 0-1

[Event "Gibtelecom Festival 2010 - Masters"]
[Site "Gibraltar ENG"]
[Date "2010.01.28"]
[Round "4.18"]
[White "Halkias, Stelios"]
[Black "Meskovs, Nikita"]
[Result "1-0"]
[WhiteElo "2566"]
[BlackElo "2264"]
[PlyCount "57"]
[EventDate "2010.01.26"]
[EventType "swiss"]
[EventRounds "10"]
[EventCountry "ENG"]
[Source "lmi"]
[SourceDate "2010.01.26"]

1. d4 Nf6 2. Nf3 c5 3. d5 g6 4. Nc3 d6 5. e4 Bg7 6. Be2 a6 7. a4 O-O 8. O-O
Nbd7 9. Bf4 Ne8 10. Re1 Rb8 11. Qd2 Nc7 12. Bh6 Bxh6 13. Qxh6 f6 14. Nd1 b5 15.
axb5 axb5 16. Ne3 Ne5 17. Nxe5 fxe5 18. h4 e6 19. h5 Qf6 20. Ng4 Qg7 21. hxg6
hxg6 22. Qh4 exd5 23. Nh6+ Kh8 24. Nf5+ Qh7 25. Qxh7+ Kxh7 26. Nxd6 Rf6 27.
Nxc8 Rxc8 28. Ra7 Kh6 29. Bg4 1-0

[Event "Gibtelecom Festival 2010 - Masters"]
[Site "Gibraltar ENG"]
[Date "2010.01.28"]
[Round "4.19"]
[White "Maze, Sebastien"]
[Black "Overeem, Marc"]
[Result "1-0"]
[WhiteElo "2554"]
[BlackElo "2245"]
[PlyCount "169"]
[EventDate "2010.01.26"]
[EventType "swiss"]
[EventRounds "10"]
[EventCountry "ENG"]
[Source "lmi"]
[SourceDate "2010.01.26"]

1. d4 Nf6 2. Nf3 d5 3. c4 e6 4. g3 Bb4+ 5. Bd2 Be7 6. Bg2 O-O 7. Qc2 c6 8. O-O
Nbd7 9. Bf4 Nh5 10. Nbd2 Nxf4 11. gxf4 f5 12. e3 h6 13. Ne5 Nxe5 14. fxe5 Bd7
15. Rfc1 Rc8 16. f4 b5 17. b3 g5 18. a4 b4 19. a5 c5 20. cxd5 cxd4 21. Nc4 Bc5
22. Qe2 dxe3 23. Kh1 Qe7 24. Nxe3 gxf4 25. d6 Qg5 26. Nd5 exd5 27. e6 Be3 28.
Rxc8 Bxc8 29. e7 Re8 30. Qb5 Rxe7 31. dxe7 Qxe7 32. Qxd5+ Be6 33. Qe5 Qf7 34.
Qb8+ Kg7 35. Qb7 Qxb7 36. Bxb7 Bxb3 37. Rb1 Bc2 38. Rxb4 Kg6 39. Kg2 Kg5 40.
Bf3 Bd3 41. Rb8 Be4 42. Re8 Bd3 43. Rd8 Bc4 44. Bd5 Be2 45. Bf3 Bc4 46. Rd7 Be6
47. Rg7+ Kf6 48. Rh7 Kg5 49. h4+ Kg6 50. Rc7 Kf6 51. Kf1 Ba2 52. Rc6+ Kg7 53.
Ke2 Bb1 54. Bd5 Kh7 55. h5 Kg7 56. Rg6+ Kh7 57. Rf6 Bd4 58. Rf7+ Kh8 59. Re7
Bc5 60. Rc7 Bd4 61. Bf3 Be3 62. Kd1 Bd3 63. Rc3 Bf1 64. Rc6 Kh7 65. Rd6 Bc4 66.
Kc2 Bf1 67. Rd7+ Kh8 68. Kc3 Bh3 69. Rd6 Kh7 70. Rg6 Bf1 71. Kc2 Bd4 72. Rd6
Be3 73. Rd1 Bh3 74. Kd3 Kg7 75. Ke2 Kh7 76. Rd6 Bc5 77. Rc6 Be3 78. Rg6 Bc5 79.
a6 Be3 80. Ke1 Bd4 81. Be2 Be3 82. Kd1 Bc5 83. Kd2 Bf2 84. Kd3 Be3 85. Kc4 1-0

[Event "Gibtelecom Festival 2010 - Masters"]
[Site "Gibraltar ENG"]
[Date "2010.01.28"]
[Round "4.22"]
[White "Guliyev, Namig"]
[Black "Al-Tamimi, Hamad"]
[Result "1-0"]
[WhiteElo "2516"]
[BlackElo "2238"]
[PlyCount "93"]
[EventDate "2010.01.26"]
[EventType "swiss"]
[EventRounds "10"]
[EventCountry "ENG"]
[Source "lmi"]
[SourceDate "2010.01.26"]

1. e4 c6 2. Nc3 d5 3. Nf3 Bg4 4. h3 Bxf3 5. Qxf3 e6 6. Be2 Nd7 7. O-O dxe4 8.
Nxe4 Ngf6 9. d4 Be7 10. c4 Nxe4 11. Qxe4 Nf6 12. Qd3 O-O 13. Be3 Qc7 14. Bf3
Rfd8 15. Rfd1 Rd7 16. Rac1 Rad8 17. Qb3 Qb8 18. g3 h6 19. Bg2 e5 20. dxe5 Qxe5
21. Rxd7 Rxd7 22. Bxa7 Qe2 23. Be3 Rd3 24. Qb6 Bd8 25. Qa7 Qxb2 26. Rf1 Rd7 27.
Bf3 Bc7 28. Kg2 Qb4 29. Rd1 Rxd1 30. Bxd1 Be5 31. Bb3 Qe7 32. Bc2 g5 33. Bf5
Ne8 34. Qa8 Kg7 35. c5 Bxg3 36. Kxg3 Qe5+ 37. Kg2 Qxf5 38. Qxe8 Qd5+ 39. Kh2
Qxa2 40. Qe5+ Kg6 41. Bd4 Qc4 42. Qf6+ Kh5 43. Kg3 Qb3+ 44. f3 Qc4 45. h4 Qd5
46. hxg5 Qxg5+ 47. Kh3 1-0

[Event "Gibtelecom Festival 2010 - Masters"]
[Site "Gibraltar ENG"]
[Date "2010.01.28"]
[Round "4.27"]
[White "Henriksson, Johan"]
[Black "Arakhamia-Grant, Ketevan"]
[Result "1/2-1/2"]
[WhiteElo "2204"]
[BlackElo "2470"]
[PlyCount "124"]
[EventDate "2010.01.26"]
[EventType "swiss"]
[EventRounds "10"]
[EventCountry "ENG"]
[Source "lmi"]
[SourceDate "2010.01.26"]

1. d4 Nf6 2. Nf3 g6 3. g3 Bg7 4. Bg2 O-O 5. O-O d6 6. c4 Nc6 7. Nc3 a6 8. b3
Rb8 9. a4 a5 10. Bb2 Nb4 11. Na2 Nxa2 12. Rxa2 c6 13. d5 Qc7 14. Nd4 e5 15.
dxe6 fxe6 16. e4 Rd8 17. Qd2 e5 18. Nc2 Nd7 19. Bc3 Nc5 20. Rb2 Ra8 21. h3 Be6
22. Ne3 b6 23. f4 exf4 24. gxf4 Bxc3 25. Qxc3 Qg7 26. Qxg7+ Kxg7 27. f5 Bf7 28.
fxg6 hxg6 29. Ng4 Be6 30. e5 d5 31. cxd5 cxd5 32. Rf6 Rac8 33. Rc2 Bf5 34. Rd2
Nd7 35. Rd6 Bxg4 36. R2xd5 Re8 37. hxg4 Nxe5 38. Be4 Rc1+ 39. Kg2 Re1 40. Bd3
Re3 41. g5 Re7 42. Bc4 Re4 43. Rd4 Nxc4 44. Rxe4 Rxe4 45. bxc4 Rxc4 46. Rxb6
Rg4+ 47. Kf3 Rxg5 48. Rb5 Kf6 49. Rb6+ Kf7 50. Rb7+ Kf6 51. Rb6+ Kg7 52. Rb5
Rh5 53. Kg4 Kh6 54. Rxh5+ gxh5+ 55. Kf5 Kg7 56. Kg5 Kf7 57. Kxh5 Ke6 58. Kg4
Kd5 59. Kf3 Kc4 60. Ke2 Kb3 61. Kd1 Kxa4 62. Kc2 Ka3 1/2-1/2

[Event "Gibtelecom Festival 2010 - Masters"]
[Site "Gibraltar ENG"]
[Date "2010.01.28"]
[Round "4.28"]
[White "Siebrecht, Sebastian"]
[Black "Arvola, Benjamin"]
[Result "1/2-1/2"]
[WhiteElo "2468"]
[BlackElo "2218"]
[PlyCount "99"]
[EventDate "2010.01.26"]
[EventType "swiss"]
[EventRounds "10"]
[EventCountry "ENG"]
[Source "lmi"]
[SourceDate "2010.01.26"]

1. d4 Nf6 2. c4 g6 3. Nc3 Bg7 4. e4 d6 5. Bd3 O-O 6. Nge2 e5 7. d5 a5 8. Ng3
Na6 9. h4 h5 10. Bg5 Qe8 11. Qd2 Kh7 12. O-O-O Ng8 13. Be2 f6 14. Be3 Nh6 15.
Rdf1 Ng4 16. Bxg4 Bxg4 17. Kb1 Bd7 18. Qe2 Rb8 19. Rc1 b5 20. cxb5 Bxb5 21.
Nxb5 Qxb5 22. Qxb5 Rxb5 23. Rc6 Nb4 24. Rxc7 Nd3 25. b3 a4 26. Rd1 Nf4 27. Bxf4
exf4 28. Ne2 axb3 29. a4 Rb4 30. Rd4 Rfb8 31. a5 f5 32. a6 Rxd4 33. Nxd4 Kh6
34. a7 Ra8 35. Nb5 fxe4 36. Nxd6 e3 37. Nf7+ Kh7 38. fxe3 fxe3 39. Ng5+ Kh6 40.
Re7 e2 41. Nf3 Bc3 42. Re3 Bf6 43. Rxb3 Rxa7 44. Re3 Rd7 45. Rxe2 Rxd5 46. Kc2
Kg7 47. Re6 Ra5 48. Kd3 Ra2 49. Re2 Ra3+ 50. Kd2 1/2-1/2

[Event "Gibtelecom Festival 2010 - Masters"]
[Site "Gibraltar ENG"]
[Date "2010.01.28"]
[Round "4.31"]
[White "Boskovic, Drasko"]
[Black "Tjolsen, Katrine"]
[Result "1/2-1/2"]
[WhiteElo "2454"]
[BlackElo "2212"]
[PlyCount "128"]
[EventDate "2010.01.26"]
[EventType "swiss"]
[EventRounds "10"]
[EventCountry "ENG"]
[Source "lmi"]
[SourceDate "2010.01.26"]

1. e4 c5 2. Nf3 Nc6 3. d4 cxd4 4. Nxd4 Nf6 5. Nc3 e5 6. Ndb5 d6 7. Bg5 a6 8.
Na3 b5 9. Nd5 Be7 10. Bxf6 Bxf6 11. c3 Bg5 12. Nc2 O-O 13. a4 bxa4 14. Rxa4 a5
15. Bc4 Rb8 16. b3 Kh8 17. O-O f5 18. exf5 Bxf5 19. Nce3 Bg6 20. b4 axb4 21.
cxb4 Nd4 22. Bd3 Be8 23. Ra6 Bb5 24. Ra5 Bc6 25. Nc4 Bb5 26. Nce3 Bc6 27. Qh5
Bh6 28. Ra7 Qg5 29. Qxg5 Bxg5 30. Rb1 Bh4 31. Rb2 Ra8 32. Ra5 Bg5 33. h3 g6 34.
Bc4 Rfb8 35. Rba2 Kg7 36. Kh2 Bxe3 37. fxe3 Nb5 38. Rxb5 Rxb5 39. Bxb5 Bxd5 40.
Rd2 Bf7 41. Bc6 Rb8 42. b5 Bc4 43. Rb2 Rb6 44. e4 Kf6 45. Rb4 Bd3 46. Kg3 Ke7
47. Kf2 Kd8 48. h4 Ke7 49. Ke3 Bf1 50. g3 Kd8 51. Kd2 Rb8 52. b6 Ba6 53. Bd5
Bb7 54. Bb3 Bc6 55. Be6 Ke7 56. Bh3 d5 57. exd5 Bxd5 58. Ke3 Kd6 59. Bg4 Kc5
60. Rb1 Rxb6 61. Rxb6 Kxb6 62. h5 gxh5 63. Bxh5 Kc5 64. Bg4 Kd6 1/2-1/2

[Event "Gibtelecom Festival 2010 - Masters"]
[Site "Gibraltar ENG"]
[Date "2010.01.28"]
[Round "4.34"]
[White "Valgmae, Toomas"]
[Black "Houska, Jovanka"]
[Result "1/2-1/2"]
[WhiteElo "2117"]
[BlackElo "2401"]
[PlyCount "112"]
[EventDate "2010.01.26"]
[EventType "swiss"]
[EventRounds "10"]
[EventCountry "ENG"]
[Source "lmi"]
[SourceDate "2010.01.26"]

1. d4 d5 2. c4 c6 3. Nf3 Nf6 4. Nc3 a6 5. e3 b5 6. cxd5 cxd5 7. Ne5 e6 8. Bd3
Bb7 9. O-O Bd6 10. f4 Nbd7 11. Bd2 O-O 12. Be1 Ne4 13. Nxe4 dxe4 14. Be2 f6 15.
Nxd7 Qxd7 16. Ba5 Rfc8 17. Qd2 Bd5 18. a3 Rc6 19. Rfc1 Rac8 20. Qd1 Bb3 21. Qe1
e5 22. fxe5 fxe5 23. Rxc6 Rxc6 24. Bc3 Qc7 25. Qh4 exd4 26. Bxd4 Qe7 27. Qg4
Be5 28. Rf1 Bxd4 29. exd4 h6 30. Qf5 Rf6 31. Qc8+ Kh7 32. Rxf6 Qxf6 33. Qc3 Bd5
34. Qe3 Qc6 35. Qc3 Qd6 36. g3 Qf6 37. Qe3 Qb6 38. b4 Qc6 39. Bg4 Qc2 40. h4 g6
41. Bh3 Qb1+ 42. Kf2 Kg7 43. Bg2 Qc2+ 44. Kg1 Kh7 45. Kh2 Qb2 46. Kg1 Qc2 47.
Kh2 Qb2 48. Kg1 Qb1+ 49. Kh2 Qc2 50. Kg1 Kg7 51. Kh1 Qa2 52. Kg1 Qc2 53. Kh2
Qc7 54. Kg1 Qe7 55. Kf2 Qf7+ 56. Ke2 Qe6 1/2-1/2

[Event "Gibtelecom Festival 2010 - Masters"]
[Site "Gibraltar ENG"]
[Date "2010.01.28"]
[Round "4.37"]
[White "Saravanan, V."]
[Black "Nilsen, Joachim Birger"]
[Result "1-0"]
[WhiteElo "2356"]
[BlackElo "2152"]
[PlyCount "51"]
[EventDate "2010.01.26"]
[EventType "swiss"]
[EventRounds "10"]
[EventCountry "ENG"]
[Source "lmi"]
[SourceDate "2010.01.26"]

1. Nf3 Nf6 2. c4 g6 3. Nc3 d5 4. cxd5 Nxd5 5. Qa4+ Bd7 6. Qb3 Nb6 7. d4 Bg7 8.
Bf4 O-O 9. Rd1 Qc8 10. e3 c5 11. d5 c4 12. Qc2 e6 13. d6 Nc6 14. e4 e5 15. Be3
Nb4 16. Qd2 Qc6 17. Be2 Rad8 18. O-O Bg4 19. a3 Bxf3 20. axb4 Bxe2 21. Qxe2 Nc8
22. b5 Qe8 23. Qxc4 Nxd6 24. Qb4 Qe6 25. Bc5 Nc8 26. Bxf8 1-0

[Event "Gibtelecom Festival 2010 - Masters"]
[Site "Gibraltar ENG"]
[Date "2010.01.28"]
[Round "4.38"]
[White "Tozer, Philip"]
[Black "Camus de Solliers, Guillau"]
[Result "1/2-1/2"]
[WhiteElo "2119"]
[BlackElo "2356"]
[PlyCount "63"]
[EventDate "2010.01.26"]
[EventType "swiss"]
[EventRounds "10"]
[EventCountry "ENG"]
[Source "lmi"]
[SourceDate "2010.01.26"]

1. c4 e5 2. g3 Nc6 3. Nc3 g6 4. Bg2 Bg7 5. d3 d6 6. e4 Nge7 7. Nge2 O-O 8. O-O
Nd4 9. Nxd4 exd4 10. Ne2 a5 11. f4 f5 12. Bd2 Be6 13. Rc1 fxe4 14. Bxe4 d5 15.
cxd5 Bxd5 16. Bxd5+ Nxd5 17. Qb3 Kh8 18. Rc4 Nb6 19. Rc2 Qd7 20. Rfc1 Qg4 21.
Re1 Rfe8 22. Rxc7 Rxe2 23. Qf7 Rg8 24. Bxa5 Nc8 25. Rxe2 Qxe2 26. Bb4 Qe3+ 27.
Kg2 Qe2+ 28. Kg1 Qe3+ 29. Kg2 Qe2+ 30. Kg1 Qd1+ 31. Kg2 Qe2+ 32. Kg1 1/2-1/2

[Event "Gibtelecom Festival 2010 - Masters"]
[Site "Gibraltar ENG"]
[Date "2010.01.28"]
[Round "4.40"]
[White "Reizniece, Dana"]
[Black "Dasaolu, Adeoye"]
[Result "0-1"]
[WhiteElo "2341"]
[BlackElo "2068"]
[PlyCount "178"]
[EventDate "2010.01.26"]
[EventType "swiss"]
[EventRounds "10"]
[EventCountry "ENG"]
[Source "lmi"]
[SourceDate "2010.01.26"]

1. c4 Nf6 2. Nc3 c5 3. g3 Nc6 4. Bg2 d6 5. Nf3 e6 6. O-O Be7 7. d4 Nxd4 8. Nxd4
cxd4 9. Qxd4 O-O 10. e4 a6 11. b3 Qc7 12. Bb2 b6 13. h3 Bb7 14. Rac1 Rab8 15.
Kh2 Rfd8 16. f4 Ba8 17. f5 Qc5 18. Qd2 Rbc8 19. Qe2 Re8 20. Na4 Qc7 21. fxe6
fxe6 22. Bd4 Nd7 23. Qh5 Bf6 24. Be3 Nc5 25. Nxc5 bxc5 26. Rf2 Bd4 27. Bxd4
cxd4 28. Rcf1 e5 29. h4 g6 30. Qg5 Rf8 31. Rxf8+ Rxf8 32. Rxf8+ Kxf8 33. Qf6+
Qf7 34. Qxd6+ Qe7 35. Qb8+ Qe8 36. Qd6+ Qe7 37. Qxa6 Bb7 38. Qb5 Kg7 39. c5 Qc7
40. a4 Bc6 41. Qd3 Qb7 42. Qc2 Qb4 43. Bf1 Qe1 44. Bd3 h6 45. Kg2 g5 46. hxg5
hxg5 47. Be2 Kf6 48. a5 Qxa5 49. Kf2 Qb4 50. Bd3 Ke7 51. Ke2 Kf6 52. Kd1 Ke7
53. Kc1 Qe1+ 54. Kb2 Qxg3 55. b4 Qe1 56. b5 Qb4+ 57. Qb3 Qxc5 58. bxc6 Qxc6 59.
Qb4+ Qd6 60. Qxd6+ Kxd6 61. Be2 Kc5 62. Kc2 Kb4 63. Bg4 Kc4 64. Be6+ Kb4 65.
Kd3 Kb5 66. Bg4 Kb4 67. Bd1 Kb5 68. Be2 Kb4 69. Kd2 Kb3 70. Bd1+ Kc4 71. Be2+
Kb3 72. Kd3 Kb4 73. Bh5 Kb3 74. Bg4 Kb4 75. Bc8 Kb3 76. Bd7 Kb4 77. Be6 Kb5 78.
Ke2 Kb4 79. Kd3 Kb5 80. Bh3 Kb4 81. Kd2 Kc4 82. Bf1+ Kb3 83. Ke2 Kc2 84. Kf3
Kd2 85. Kg4 Ke3 86. Kf5 g4 87. Kxe5 g3 88. Kf5 d3 89. e5 d2 0-1

[Event "Gibtelecom Festival 2010 - Masters"]
[Site "Gibraltar ENG"]
[Date "2010.01.28"]
[Round "4.42"]
[White "Zozulia, Anna"]
[Black "Pereira, Johnharry"]
[Result "1-0"]
[WhiteElo "2321"]
[BlackElo "1892"]
[PlyCount "57"]
[EventDate "2010.01.26"]
[EventType "swiss"]
[EventRounds "10"]
[EventCountry "ENG"]
[Source "lmi"]
[SourceDate "2010.01.26"]

1. e4 c6 2. d4 d5 3. exd5 cxd5 4. Bd3 Nc6 5. c3 Nf6 6. h3 g6 7. Bf4 Bg7 8. Nf3
O-O 9. O-O a6 10. Nbd2 Bf5 11. Bxf5 gxf5 12. Ne5 Nxe5 13. Bxe5 e6 14. a4 b5 15.
Nb3 Nd7 16. Bxg7 Kxg7 17. Nc5 Qe7 18. b4 a5 19. axb5 axb4 20. cxb4 Nb6 21. Ra6
Nc4 22. Qa4 Nb6 23. Qb3 Rab8 24. Qg3+ Kh6 25. Re1 Rg8 26. Qf4+ Qg5 27. Nxe6
Qxf4 28. Nxf4 Kg5 29. g3 1-0

[Event "Gibtelecom Festival 2010 - Masters"]
[Site "Gibraltar ENG"]
[Date "2010.01.28"]
[Round "4.43"]
[White "Frey, Matthias"]
[Black "Wantiez, Fabrice"]
[Result "1/2-1/2"]
[WhiteElo "1907"]
[BlackElo "2315"]
[PlyCount "109"]
[EventDate "2010.01.26"]
[EventType "swiss"]
[EventRounds "10"]
[EventCountry "ENG"]
[Source "lmi"]
[SourceDate "2010.01.26"]

1. e4 e5 2. Nf3 Nc6 3. Bb5 a6 4. Ba4 Nf6 5. O-O Be7 6. Re1 b5 7. Bb3 d6 8. c3
O-O 9. d4 Bg4 10. d5 Na5 11. Nbd2 Nxb3 12. axb3 c6 13. dxc6 Qc7 14. Nf1 Qxc6
15. Bg5 Rfe8 16. Bxf6 Bxf6 17. Nxe5 Bxd1 18. Nxc6 Bxb3 19. Nd2 Be6 20. Nf3 Rec8
21. Nfd4 Bd7 22. Nb4 Bxd4 23. cxd4 Rc4 24. Nd5 Rxd4 25. Nb6 Ra7 26. Nxd7 Rxd7
27. Rxa6 f6 28. Rb6 Rb4 29. Re2 Rc7 30. f3 Rc1+ 31. Kf2 Rb1 32. Rxd6 R4xb2 33.
Rxb2 Rxb2+ 34. Kg3 b4 35. Rb6 b3 36. Rb7 Rb1 37. f4 b2 38. e5 g5 39. exf6 gxf4+
40. Kf2 h5 41. h3 h4 42. Rb3 Kf7 43. Rb4 Kg6 44. f7 Kxf7 45. Rxf4+ Ke6 46. Rb4
Kd5 47. Rb3 Kc4 48. Rb8 Kc3 49. Rc8+ Kd4 50. Rd8+ Kc5 51. Rb8 Kc6 52. Rb3 Kd5
53. Rb8 Kc6 54. Rb3 Kc5 55. Rb8 1/2-1/2

[Event "Gibtelecom Festival 2010 - Masters"]
[Site "Gibraltar ENG"]
[Date "2010.01.28"]
[Round "4.44"]
[White "Kantans, Toms"]
[Black "Valhondo Morales, Ruben"]
[Result "1-0"]
[WhiteElo "2303"]
[BlackElo "1762"]
[PlyCount "59"]
[EventDate "2010.01.26"]
[EventType "swiss"]
[EventRounds "10"]
[EventCountry "ENG"]
[Source "lmi"]
[SourceDate "2010.01.26"]

1. c4 Nf6 2. Nc3 g6 3. e4 d6 4. f4 Bg7 5. Nf3 O-O 6. Be2 c5 7. d3 Nc6 8. O-O e6
9. h3 Nd4 10. Nxd4 cxd4 11. Nb5 e5 12. fxe5 dxe5 13. Bg5 h6 14. Bh4 a6 15. Na3
b6 16. Nc2 Qd6 17. a4 Ne8 18. a5 f5 19. Bf3 Ra7 20. Be1 Rf6 21. exf5 gxf5 22.
Nb4 bxa5 23. Rxa5 Kh8 24. Nc6 Rb7 25. Nxe5 Rxb2 26. Rd5 Qc7 27. Ba5 Qe7 28. Re1
Be6 29. Qa1 Rb8 30. Nc6 1-0

[Event "Gibtelecom Festival 2010 - Masters"]
[Site "Gibraltar ENG"]
[Date "2010.01.28"]
[Round "4.45"]
[White "Bindrich, Oswald"]
[Black "Vernay, Clovis"]
[Result "0-1"]
[WhiteElo "2173"]
[BlackElo "2442"]
[PlyCount "64"]
[EventDate "2010.01.26"]
[EventType "swiss"]
[EventRounds "10"]
[EventCountry "ENG"]
[Source "lmi"]
[SourceDate "2010.01.26"]

1. e4 c5 2. Nf3 d6 3. d4 cxd4 4. Nxd4 Nf6 5. Nc3 a6 6. Be2 e6 7. O-O Be7 8. Be3
O-O 9. f4 Nc6 10. Qe1 Bd7 11. Qg3 Qc7 12. Rae1 b5 13. a3 Rab8 14. e5 dxe5 15.
fxe5 Nxe5 16. Kh1 Rbc8 17. Bf4 Bd6 18. Bxb5 Nh5 19. Qe3 Nxf4 20. Qxf4 Nc4 21.
Qh4 axb5 22. Ne4 Be5 23. Nf3 Bxb2 24. Nfg5 h6 25. Rf6 Qe5 26. Ref1 Ne3 27. Rxh6
gxh6 28. Nf6+ Kg7 29. Nh5+ Kh8 30. Nxf7+ Rxf7 31. Rxf7 Nf5 32. Qb4 Bxa3 0-1

[Event "Gibtelecom Festival 2010 - Masters"]
[Site "Gibraltar ENG"]
[Date "2010.01.28"]
[Round "4.51"]
[White "Demac, Elias"]
[Black "Dworakowska, Joanna"]
[Result "1/2-1/2"]
[WhiteElo "2104"]
[BlackElo "2374"]
[PlyCount "95"]
[EventDate "2010.01.26"]
[EventType "swiss"]
[EventRounds "10"]
[EventCountry "ENG"]
[Source "lmi"]
[SourceDate "2010.01.26"]

1. d4 g6 2. c4 Bg7 3. Nc3 d6 4. Nf3 Bg4 5. e4 Nc6 6. Be3 Bxf3 7. gxf3 e5 8. d5
Nd4 9. Bg2 c5 10. O-O Nf6 11. f4 O-O 12. fxe5 dxe5 13. Bg5 h6 14. Bxf6 Bxf6 15.
Ne2 Nxe2+ 16. Qxe2 Bg5 17. Rab1 a5 18. Qd3 Qd6 19. Qb3 Ra6 20. Bh3 Qc7 21. Qd3
Rd8 22. Rfd1 Be7 23. Qe3 Kg7 24. Kh1 Rf6 25. Rg1 Rdd6 26. Rbf1 Rf4 27. Rg4 Rdf6
28. Rxf4 exf4 29. Qc3 Bd6 30. f3 Be5 31. Qc2 Ra6 32. Qa4 Qe7 33. Qd7 Qf6 34.
Rb1 Rb6 35. Be6 h5 36. b3 a4 37. Kg2 Rb4 38. Kh1 Bd4 39. h3 axb3 40. Rxb3 Qh4
41. Qxf7+ Kh6 42. Qf8+ Bg7 43. Qxc5 Rxc4 44. Qxc4 Qe1+ 45. Kg2 Qd2+ 46. Kh1
Qd1+ 47. Kg2 Qd2+ 48. Kh1 1/2-1/2

[Event "Gibtelecom Festival 2010 - Masters"]
[Site "Gibraltar ENG"]
[Date "2010.01.28"]
[Round "4.54"]
[White "Brown, Thomas"]
[Black "Dittmar, Peter"]
[Result "0-1"]
[WhiteElo "2064"]
[BlackElo "2341"]
[PlyCount "86"]
[EventDate "2010.01.26"]
[EventType "swiss"]
[EventRounds "10"]
[EventCountry "ENG"]
[Source "lmi"]
[SourceDate "2010.01.26"]

1. d4 Nf6 2. c4 e6 3. Nc3 Bb4 4. e3 O-O 5. Nf3 Nc6 6. Bd3 d6 7. O-O Bxc3 8.
bxc3 e5 9. e4 Bg4 10. d5 Nb8 11. h3 Bh5 12. g4 Bg6 13. Qe2 Nfd7 14. h4 h5 15.
g5 Na6 16. Nh2 Nac5 17. Bc2 Nb6 18. Re1 Qd7 19. Kg2 Nba4 20. Bd2 f6 21. gxf6
Rxf6 22. Rg1 Raf8 23. Raf1 Qf7 24. f3 Qd7 25. Qe1 Nb2 26. Qe2 Be8 27. Kh1 Qh3
28. Be1 Rg6 29. Rxg6 Bxg6 30. Rg1 Be8 31. Rg3 Qd7 32. Bd2 Kh8 33. Nf1 b5 34.
Ne3 Nxc4 35. Nxc4 bxc4 36. Qxc4 Qb5 37. Qxb5 Bxb5 38. Kg2 Bc4 39. a3 Rb8 40.
Bc1 Bd3 41. Bxd3 Nxd3 42. Be3 a5 43. Bg5 Rb3 0-1

[Event "Gibtelecom Festival 2010 - Masters"]
[Site "Gibraltar ENG"]
[Date "2010.01.28"]
[Round "4.56"]
[White "Obiamiwe, Paul"]
[Black "Forsaa, Espen"]
[Result "0-1"]
[WhiteElo "2046"]
[BlackElo "2301"]
[PlyCount "74"]
[EventDate "2010.01.26"]
[EventType "swiss"]
[EventRounds "10"]
[EventCountry "ENG"]
[Source "lmi"]
[SourceDate "2010.01.26"]

1. e4 c5 2. Nf3 d6 3. d4 cxd4 4. Nxd4 Nf6 5. Nc3 a6 6. f4 e6 7. Qf3 Qc7 8. g4
h6 9. h4 Nc6 10. Be3 Nxd4 11. Bxd4 e5 12. fxe5 dxe5 13. Be3 Bxg4 14. Qg2 Bb4
15. Bd2 O-O-O 16. Bd3 Qb6 17. a3 Bxc3 18. Bxc3 Qe3+ 19. Be2 Qxe2+ 20. Qxe2 Bxe2
21. Kxe2 Nxe4 22. Bxe5 Rhe8 23. Bxg7 Ng3+ 24. Kf3 Nxh1 25. Rxh1 Re6 26. Rh2 Rd1
27. Bc3 Rf1+ 28. Rf2 Rxf2+ 29. Kxf2 Re4 30. Kg3 h5 31. Bf6 Kd7 32. Kf3 Rc4 33.
c3 Rg4 34. a4 Ke6 35. Bd8 Rxa4 36. b4 Ra3 37. Kf4 f6 0-1